Normal view
MARC view
- management
Entry Topical Term
001 - CONTROL NUMBER
- control field: 1277
003 - CONTROL NUMBER IDENTIFIER
- control field: JO-AjAnu
005 - DATE AND TIME OF LATEST TRANSACTION
- control field: 20230606070519.0
008 - FIXED-LENGTH DATA ELEMENTS
- fixed length control field: 230606|| aca||aabn | a|a d
040 ## - CATALOGING SOURCE
- Original cataloging agency: JO-AjAnu
- Transcribing agency: JO-AjAnu
150 ## - HEADING--TOPICAL TERM
- Topical term or geographic name entry element: management
670 ## - SOURCE DATA FOUND
- Source citation: Work cat.: (JO-AjAnu)672: Koontz,Harold/Heinz Weihrich, author 1276, Essentials of Management An International Perspective